| 000 | 00428nam a22001457a 4500 | ||
|---|---|---|---|
| 003 | OSt | ||
| 082 |
_a664 _bMEE/STU |
||
| 088 | _aT 532 | ||
| 100 |
_aMEENA N _95172 |
||
| 245 | _aStudies on effect of ultrasound assisted osmotic dehydration process on convective drying of Pineapple slices | ||
| 260 |
_aKCAET _bDepartment of processing and Food engineering _c2022 |
||
| 300 | _a135 | ||
| 700 |
_aPrince M.V _94684 |
||
| 942 | _cTH | ||
| 999 |
_c17492 _d17492 |
||